| 000 | 01035cam a2200337 a 4500 | ||
|---|---|---|---|
| 001 | 492079 | ||
| 003 | ARRUPE | ||
| 005 | 20150109125746.0 | ||
| 008 | 860707s1986 nyua b 001 0 eng | ||
| 010 | _a 85023370 | ||
| 020 | _a0025214403 | ||
| 035 | _a(OCoLC)13008048 | ||
| 035 | _a(OCoLC)ocm13008048 | ||
| 035 | _a(CStRLIN)NYCG86-B70520 | ||
| 035 | _a(NNC)492079 | ||
| 040 |
_dCStRLIN _cddff |
||
| 050 | 0 |
_aQC7 _b.C74 1986 |
|
| 082 | 0 |
_a539/.09 _219 |
|
| 090 |
_aQC7 _b.C74 1986 |
||
| 100 | 1 |
_aCrease, Robert P. _913653 |
|
| 245 | 1 | 4 |
_aThe second creation : _bmakers of the revolution in twentieth-century physics / _cRobert P. Crease and Charles C. Mann. |
| 260 |
_aNew York : _bMacMillan, _cc1986. |
||
| 300 |
_axi, 480 p. : _bill. ; _c25 cm. |
||
| 500 | _aIncludes index. | ||
| 504 | _aBibliography: p. 421-463. | ||
| 650 | 0 |
_aPhysics _xHistory. _913654 |
|
| 650 | 0 |
_aGrand unified theories (Nuclear physics) _xHistory. _913655 |
|
| 700 | 1 |
_aMann, Charles C. _913656 |
|
| 942 |
_2lcc _cMONOGRAPH |
||
| 999 |
_c121566 _d121566 |
||